| 000 | 00649ata a2200229 4500 | ||
|---|---|---|---|
| 005 | 20160912144912.0 | ||
| 008 | 150518b xxu||||| |||| 00| 0 spa d | ||
| 020 | _a9788433026880 | ||
| 041 | _aspa | ||
| 082 | _a152.46 O76v | ||
| 100 |
_aOrsillo, Susan _920124 |
||
| 100 |
_aRoemer, Lizabeth _920125 |
||
| 245 | _aVivir la ansiedad con conciencia: libérese de la preocupación y recupere su vida | ||
| 260 |
_aEspaña _bDesclee de Brouwer _c2014 |
||
| 300 | _a390 páginas | ||
| 650 |
_aMIEDO _912347 |
||
| 650 |
_aANSIEDAD _97454 |
||
| 650 |
_aMINDFULES _920126 |
||
| 650 |
_aEMOCIONES _9274 |
||
| 650 |
_aACEPTACIÓN _920127 |
||
| 942 | _cBK | ||
| 999 |
_c5601 _d5601 |
||